Nouvelles et petites histoires

Spremljeno u:
Bibliografski detalji
Glavni autor: Bille, Corinna
Format: Knjiga
Jezik:Undetermined
Izdano: Lausanne, Suiza Editions L´ Age d´Homme 2006
Teme:
Oznake: Dodaj oznaku
Bez oznaka, Budi prvi tko označuje ovaj zapis!

MARC

LEADER 00000nam a2200000Ia 4500
008 170316s9999 xx 000 0 und d
090 |a 800-S B-2n 
100 |a Bille, Corinna 
245 |a Nouvelles et petites histoires 
260 |a Lausanne, Suiza 
260 |b Editions L´ Age d´Homme 
260 |c 2006 
300 |a 240 páginas 
650 |a OTRAS LITERATURAS 
650 |a LITERATURA SUIZA 
650 |a EN IDIOMA FRANCÉS 
650 |a NOVELAS CORTAS 
650 |a HISTORIAS CORTAS 
999 |c 19978  |d 19978 
040 |a cru BVZT 
942 |c 15 D  |h 800-S B-2n  |2 z